| 000 | 00488nam a2200181Ia 4500 | ||
|---|---|---|---|
| 005 | 20250326124851.0 | ||
| 008 | 250326s9999 xx 000 0 und d | ||
| 037 | _aTextbook | ||
| 040 |
_aFMSL _beng _cFMSL |
||
| 041 |
_aeng _2eng |
||
| 084 |
_aX:8D L1 _qFMSL |
||
| 100 |
_aHawkings D F _9738140 |
||
| 245 | 0 |
_aCorporate ficial reporting _cHawkings D F |
|
| 260 |
_aUSA _bUSA, Richard D Irwin _c1971 |
||
| 300 | _a706p | ||
| 942 |
_cTB _hX:8D L1 |
||
| 999 |
_c1275564 _d1275564 |
||